| 000 | 00680nam a2200229Ia 4500 | ||
|---|---|---|---|
| 003 | GCL | ||
| 008 | 140319s9999 xx 000 0 ara d | ||
| 040 |
_aGCL / _cGCL |
||
| 082 | 0 | 4 |
_a962.06 _bم ث |
| 100 | 1 | _aمجدى حماد | |
| 245 | 1 | 0 |
_aثورة 23 يوليو1952 / _cمجدى حماد |
| 260 |
_a[S.N] : _bالمستقبل العربي ، _c1994 |
||
| 300 | _a272 ص | ||
| 490 |
_aسلسلة الثقافة القومية _v0 |
||
| 650 | 0 | 4 | _aالعصر الحديث |
| 650 | 0 | 4 | _aمصر |
| 650 | 0 | 4 | _aتاريخ |
| 650 | 0 | 4 | _aالاحوال الثقافية |
| 650 | 0 | 4 | _aثورة 23 يوليو 1952 |
| 650 | 0 | 4 | _aجمال عبدالناصر |
| 942 |
_2ddc _cBK |
||
| 999 |
_c32363 _d32363 |
||